LEADER 00695nam 2200265 450 001 9911058928703321 005 20260204140749.0 010 $a978-1-5179-1479-0 100 $a20260204d2023----u y0engy50 ba 101 0 $aeng 102 $aGB 105 $a 001zy 200 1 $aSubsurface$fKaren Pinkus 210 $aMinneapolis$cUniversirty of Minnesota Press$d2023 215 $a219 p.$d22 cm 225 1 $aPosthumanities$v67 676 $a809.387 700 1$aPinkus,$bKaren$01825850 801 2$bUNINA$gREICAT$2UNIMARC 901 $aBK 912 $a9911058928703321 952 $a809.387 PINK 01$b2026/64$fFLFBC 959 $aFLFBC 996 $aSubsurface$94532547 997 $aUNINA